000 00294nam a2200121Ia 4500
008 190216s9999||||xx |||||||||||||| ||und||
100 _aJain D P
245 0 _aComprehensive Question Bank For Ix
260 _bLaxmi Publication Ltd
_c2003
300 _a378
650 _aEconomics
942 _cREF
999 _c36731
_d36731